000
00474nam a2200181Ia 4500
008
090124s9999 xx 000 0 und d
082
_b
132690
100
_a
मांडके अलका
245
_a
हृदयस्थ
250
_a
1
260
_c
2004
300
_a
236
600
_a
मांडके अलका
630
_a
हृदयस्थ
700
_a
मांडके अलका
730
_a
हृदयस्थ
942
_c
BOOK
999
_c
178824
_d
178824